| 000 | 00610nam a22002057a 4500 | ||
|---|---|---|---|
| 005 | 20160108102114.0 | ||
| 008 | 100428s2010 nyu b 001 0 eng d | ||
| 020 | _a9780071636865 | ||
| 020 | _a0071636862 | ||
| 041 | 0 | _aeng | |
| 080 | _a336 | ||
| 100 | 1 | _aSloan, Robert. | |
| 245 | 1 | 0 |
_aDon't blame the shorts : _cRobert Sloan. |
| 260 |
_aNew York : _bMcGraw-Hill, _c2010. |
||
| 300 |
_a247 f. ; _c24 cm. |
||
| 505 | 0 | _aIndex: f. 233 - 247 | |
| 650 | 0 | _aFinancat | |
| 650 | 0 | _aLetrat me vlerë | |
| 942 |
_2udc _cBK |
||
| 999 |
_c668 _d668 |
||